• 首页
  • 本馆介绍
  • 公告通知
  • 最新文献
  • 馆藏检索
  • 电子资源
  • 读者导购
  • 参考咨询
  • 我的图书馆
  • 登录
  • 详细信息显示
  • 放入我的书架
  • 预约/预借图书
  • 作者相关作品
  • 分类相关作品
  • 丛书相关作品
  • 出版社相关作品

书目信息

  • 表格格式
  • 工作单格式
  • 卡片格式
题名:
我看美国精神
    
 
作者: 孙康宜 著
分册:  
出版信息: 北京   中国人民大学出版社  2007
页数: 224页
开本: 23cm
丛书名:
单 册:
中图分类: C955.712.1 , G171.22
科图分类:
主题词: 民族精神--研究--美国 , 民族精神 , 文化事业--概况--世界 , 文化事业--基本建设
电子资源:
ISBN: 978-7-300-08076-5
000 00946nam0 2200289 450
001 1569288134
005 20150125191518.98
010    @a978-7-300-08076-5@dCNY24.80
100    @a20070104d2007 em y0chiy50 ea
101 0  @achi
102    @aCN@b110000
105    @aa z 000yy
200 1  @a我看美国精神@9wo kan mei guo jing shen@dMy thoughs on the American spirit@f孙康宜著@zeng
210    @a北京@c中国人民大学出版社@d2007
215    @a224页@c图,照片@d23cm
305    @a台北九歌出版社授权
330    @a本书共四辑,分美国精神、美国文化新探、美国男人、美国女人、美国移民等内容。
510 1  @aMy thoughs on the American spirit@zeng
606 0  @a民族精神@x研究@y美国
606 0  @a民族精神
606 0  @a文化事业@x概况@x世界
606 0  @a文化事业@x基本建设
690    @aC955.712.1@v5
690    @aG171.22@v4
701  0 @c(美)@a孙康宜@9sun kang yi@c(女,@f1944~)@4著
801  0 @aCN@bTSSF@c20150125
905    @aZUCC@dG171.22@eJY60
    
    我看美国精神=My thoughs on the American spirit/孙康宜著.-北京:中国人民大学出版社,2007
    224页:图,照片;23cm
    
    
    ISBN 978-7-300-08076-5:CNY24.80
    本书共四辑,分美国精神、美国文化新探、美国男人、美国女人、美国移民等内容。
●
相关链接 在E读中查询图书 在五车中查询图书 在当当中查询图书 在豆瓣中查询图书


正题名:我看美国精神     索取号:G171.22/JY60         预约/预借

序号 登录号 条形码 馆藏地/架位号 状态 备注
1 7854050   278540508   学院路分馆/ [索取号:G171.22/JY60] 在馆    
欢迎您!
大连网信软件有限公司© 版权所有